Naučno nasledje Radomira D. Lukića zbornik radova sa naučnog skupa održanog 11-12. decembra 2014

Bibliographic Details
Corporate Author: Naučno nasleđe Radomira D. Lukića (konferencia) Belehrad, Srbsko)
Other Authors: Basta, Danilo N., 1945- (Editor), Avramović, Sima, 1950- (Editor)
Format: Conference Proceeding Book
Language:Serbian
PhysicalDescription:xvi, 528 s. 24 cm
Published: Beograd Srpska akademija nauka i umetnosti 2015
ISBN:9788670256606
Series:Naučni skupovi (Srpska akademija nauka i umetnosti) Odeljenje društvenich nauka
Subjects:

MARC

LEADER 00000cam a2200000 a 4500
001 vtls011565456
003 SK-MaSNL
005 20260301041303.0
008 160708s2015 rb g n 100 0 srp
020 |a 9788670256606  |q (brožované) 
040 |a SNK  |b slo  |c SNK  |e AACR2 
041 0 |a srp  |b fre  |b eng 
043 |a e-rb--- 
044 |a rb  |c RS 
072 7 |a 34  |x Právo  |2 konspekt 
080 |a 34-051  |2 2011 
080 |a 340.12  |2 2011 
080 |a (497.11)  |2 2011 
080 |a (062.534)  |2 2011 
080 |a (082.2)  |2 2011 
111 2 |a Naučno nasleđe Radomira D. Lukića (konferencia)  |d (2014  |c Belehrad, Srbsko)  |9 342790 
245 1 0 |a Naučno nasledje Radomira D. Lukića  |b zbornik radova sa naučnog skupa održanog 11-12. decembra 2014  |c urednici Danilo N. Basta, Sima Avramović 
246 3 1 |a Legacy of Radomir D. Lukić in social sciences 
260 |a Beograd  |b Srpska akademija nauka i umetnosti  |c 2015 
300 |a xvi, 528 s.  |c 24 cm 
366 |e 500 výt. 
490 1 |a Naučni skupovi / Srpska akademija nauka i umetnosti  |v Knjiga CLIII  |a Odeljenje društvenich nauka  |v Knjiga 36 
504 |a Bibliogr. odkazy 
546 |a Res. angl. a franc. 
648 7 |a 20.storočie  |2 SNKPH  |9 342791 
648 7 |a 20th century  |2 SNKPHeng  |9 277995 
650 0 7 |a právnici  |z Srbsko  |2 SNKPH  |9 342792 
650 0 7 |a teória práva  |2 SNKPH  |9 2685 
650 0 7 |a Lawyers  |z Serbia  |2 SNKPHeng  |9 342793 
650 0 7 |a Theory of law  |2 SNKPHeng  |9 266463 
655 7 |a zborníky konferencií  |2 SNKPH  |9 70153 
655 7 |a jubilejné publikácie  |2 SNKPH  |9 70339 
655 7 |a Proceedings of conferences  |2 SNKPHeng  |9 265791 
655 7 |a Jubilee books  |2 SNKPHeng  |9 281827 
700 1 |a Basta, Danilo N.,  |d 1945-  |4 edt  |9 342794 
700 1 |a Avramović, Sima,  |d 1950-  |4 edt  |9 342795 
710 2 |a Univerzitet u Beogradu.  |b Pravni fakultet  |4 pbl  |9 120574 
830 0 |a Naučni skupovi (Srpska akademija nauka i umetnosti)  |p Odeljenje društvenich nauka  |9 342796 
919 |a 978-86-7025-660-6 
958 |a RS 
999 |c 588043  |d 589973 
952 |a SNK  |b SNK  |y VYP  |7 0  |p 17A1208057  |o snkIC 142745  |i snk2016/21345  |8 2  |g 20.00  |0 0  |1 0  |4 0  |d 2016-07-08  |l 0  |r 2026-02-23 15:15:12  |w 2026-02-23